Statistics for Elton John Quiz

Click here to take the quiz!

General Stats

  • This quiz has been taken 11,846 times
    (11,800 since last reset)
  • The average score is 14 of 20

Answer Stats

QuestionAnswer% Correct
What instrument does he play?Piano
99%
What country is he from?United Kingdom
99%
What disease did he establish a foundation to fight against?AIDS
88%
What Disney movie did he write songs for?Lion King
87%
What did Elton John become on April 24th, 1998?a Knight/Sir
86%
What song has a reptile in its title?{Crocodile} Rock
85%
What is his best-selling album?Goodbye {Yellow} {Brick} Road
83%
Who did he re-dedicate the song to in 1997?Princess Diana
83%
What song is sometimes misheard as "hold me closer, Tony Danza"?Tiny Dancer
81%
What actress was the song "Candle in the Wind" about?Marilyn Monroe
76%
What song was about an astronaut?Rocket Man
73%
What three words come after B-B-B-Bennie?And the Jets
68%
What song ends "I hope you don't mind / That I put down in words /
How wonderful life is while you're in the world"?
Your Song
61%
What song title includes the name of a major American city?{Philadelphia} Freedom
53%
What is his birth name?Reginald Dwight
51%
Who has written the lyrics to most of his songs?Bernie Taupin
45%
Fill in the song lyrics: "______ my brother / You are older than me"Daniel
43%
What musical about a ballet dancer did he write the music to?Billy Elliot
38%
What tennis star was the above song written for?Billie Jean King
36%
What English football team did he once own?Watford
31%

Score Distribution

Percentile by Number Answered

Percent of People with Each Score

Your Score History

You have not taken this quiz since the last reset